00259nam a22000857a 4500082002100000100001800021245008900039526003700128650000800165 a625.7095491bNAT aN.E.S.Pak Ltd aPolicy for the design of the design of interchanges on indus highway/bN.E.S.Pak Ltd a0b0c0d625_709549100000000_NAT aMCE